000 01035nam a2200253 i 4500
001 bg
100 1 _aIwasiewicz, Andrzej
_d(1935-2012).
245 1 0 _aZarządzanie jakością w przykładach i zadaniach /
_cAndrzej Iwasiewicz ; Wyższa Szkoła Zarządzania i Nauk Społecznych w Tychach.
260 _aTychy :
_bŚląskie Wydawnictwa Naukowe Wyższej Szkoły Zarządzania i Nauk Społecznych,
_c2005.
300 _a434 s. :
_bil. ;
_c24 cm.
490 1 _aPodręczniki Akademickie / Wyższa Szkoła Zarządzania i Nauk Społecznych w Tychach
504 _aBibliogr., wykaz norm s. 429-434.
650 9 _aZarządzanie jakością
655 _aPodręczniki akademickie
830 0 _aPodręczniki Akademickie - Wyższa Szkoła Zarządzania i Nauk Społecznych w Tychach
020 _a8389055317
040 _cBPK
041 0 _apol
044 _aPOL
080 _a005.6(075.8)
942 _cKS
008 s pl f |000 0 pol
999 _c54698
_d54698
856 _uhttp://koha.tu.koszalin.pl/cgi-bin/koha/opac-detail.pl?biblionumber=54698
_yKatalog online BPK